Özgürlüğün geleceği : (Record no. 14795)

MARC details
000 -BAŞLIK
Sabit Uzunlukta Kontrol Alanı 00881nam a22002537a 4500
999 ## - SİSTEM KONTROL NUMARALARI (KOHA)
Koha Biblionumber 14795
Koha Biblioitemnumber 14795
003 - KONTROL NUMARASI IDENTIFIER
Denetim Alanı MIRAKIL
005 - SON İŞLEM TARİHİ VE ZAMANI
Denetim Alanı 20220202145528.0
008 - SABİT-BOY VERİ ELEMANLARI - GENEL BİLGİLER
Sabit Uzunlukta Kontrol Alanı 220202b tu ||||| |||| 00| 0 tur d
020 ## - ULUSLARARASI STANDART KİTAP NUMARASI
Uluslararası Standart Kitap Numarası 9789759169495
040 ## - KATALOGLAMA KAYNAK
Orijinal Kataloglama Ajansı TR-AnCHP
Metne Dönüştürmek Ajansı TR-AnCHP
041 ## - DİL KODU
Metin / Ses Parça Veya Ayrı Başlığın Dil Kodu tur
082 ## - DEWEY ONLU SINIFLANDIRMA NUMARASI
Sınıflandırma Numarası 321.8
Ürün Numarası Z24ö 2007
100 ## - ANA GİRİŞ - KİŞİSEL İSİM
Kişisel Ad Zakaria, Fareed
245 10 - BAŞLIK TABLOSU
Başlık Özgürlüğün geleceği :
Başlığın Kalan Yurtta ve dünyada liberal demokrasi /
Sorumluluk Tablosu, Vb Fareed Zakarıa ; Çev. : Meral Öztoprak Sağır, H. Serkan Akıllı
246 ## - UNVAN FORM VARYING
Başlık Doğru / Kısa Başlığı Yurtta ve dünyada liberal demokrasi
260 ## - YAYIN, DAĞITIM, VB
Yayın, Dağıtım, Vb Yeri İstanbul :
Yayıncı, Dağıtıcı, Vs Adı Kırmızı Yayınları,
Yayın, Dağıtım, Vb Tarihi 2007.
300 ## - FİZİKSEL TANIM
Kapsam 287 s. ;
Boyutlar 22 sm.
650 #0 - KONU KATMA GİRİŞ - TOPİKAL DÖNEM
9 (RLIN) 5084
Topikal Süreli Veya Coğrafi Ad Giriş Elemanı Siyaset Bilimi
Genel Alt Bölümü Demokrasi
650 #0 - KONU KATMA GİRİŞ - TOPİKAL DÖNEM
9 (RLIN) 721
Topikal Süreli Veya Coğrafi Ad Giriş Elemanı Özgürlük
700 ## - KATMA GİRİŞ - KİŞİSEL İSİM
9 (RLIN) 6972
Kişisel Ad Sağır, Meral Öztoprak
Relator Terim çev.
700 ## - KATMA GİRİŞ - KİŞİSEL İSİM
9 (RLIN) 6973
Kişisel Ad Akıllı, H. Serkan
Relator Terim çev.
740 ## - KATMA GİRİŞ - KONTROLSUZ İLGİLİ / ANALİTİK BAŞLIK
Kontrol Edilmeyen / İlgili Analitik Başlıktaki Yurtta ve dünyada liberal demokrasi
942 ## - EKLENDİ GİRİŞ ELEMANLARI (KOHA)
Sınıflandırma Veya Raf Düzeni Kaynak Dewey Decimal Classification
Koha Öğesi Türü Books
Holdings
Kalıcı Konum Mevcut Konum Edinme Tarihi Toplam Check-Out'Lar Tam Çağrı Numarası Barkod Tarih Son Görülme İtibaren Geçerli Fiyatlar Koha Öğesi Türü
CHP Kütüphanesi CHP Kütüphanesi 02/02/2022   321.8 Z24ö 2007 020292 02/02/2022 02/02/2022 Books